Reglamento general de benficencia pública, decretado por las Córtes extraordinarias en 27 de diciembre de 1821, y sancionado por S. M.
Descripción Física:
31 p. ; 21 cm
MARC
| LEADER | 00000nam a2200000Ia 4500 | ||
|---|---|---|---|
| 001 | 17532 | ||
| 008 | 160829s1822 xx 000 0 cat d | ||
| 080 | |a RF-2-2 | ||
| 245 | |a Reglamento general de benficencia pública, decretado por las Córtes extraordinarias en 27 de diciembre de 1821, y sancionado por S. M. | ||
| 260 | |a Gerona : |b Impr. del Gobierno Político, |c 1822 | ||
| 300 | |a 31 p. ; |c 21 cm | ||
| 590 | |a Prové de 164, exp. 14. | ||
| 590 | |a Exposició: Obrim l'Arxiu 2008 | ||
| 650 | |a Beneficència |x Dret |x Espanya |x S. XIX |9 39304 | ||
| 856 | 4 | |u https://media.diba.cat/diba/fitxers/arxiu/fulletons/bib_17532_1822_baixa.pdf |y Accés lliure | |
| 856 | 4 | |u https://media.diba.cat/diba/fitxers/arxiu/fulletons/bib_17532_1822_baixa.pdf |y Accés lliure | |
| 901 | |a Arxiu | ||
| 942 | |n 1 |2 udc | ||
| 952 | |0 0 |1 0 |4 0 |6 RF22 |7 1 |9 54845 |a Arxiu |b Arxiu |d 2016-12-01 |l 0 |o RF-2-2 |p 17532 |r 2016-12-01 00:00:00 |w 2016-12-01 |y ARXIU | ||
| 999 | |c 58715 |d 58715 | ||
| 900 | |a bib_17532_1822_baixa.pdf | ||